Council Wards of the Metropolitan Borough of Bury - Statistics

General Stats
  • This quiz has been taken 7 times
  • The average score is 9 of 17
Answer Stats
Answer % Correct
Tottington
100%
Ramsbottom
83%
Bury East
67%
Bury West
67%
Radcliffe East
67%
Radcliffe West
67%
St. Mary's
67%
Besses
50%
Holyrood
50%
Pilkington Park
50%
Radcliffe North & Ainsworth
50%
Redvales
50%
Sedgley
50%
Elton
33%
North Manor
33%
Unsworth
33%
Moorside
17%
No matching quizzes found
Score Distribution
Percent of People with Each Score
Percentile by Number Answered
Your Score History
You have not taken this quiz